Chemical engineering kinetics (Record no. 6589)

000 -LEADER
fixed length control field 00510nam a2200193 4500
001 - CONTROL NUMBER
control field 6589
003 - CONTROL NUMBER IDENTIFIER
control field BD-DhUET
008 - FIXED-LENGTH DATA ELEMENTS--GENERAL INFORMATION
fixed length control field 700825s1970 nyua b 001 0 eng
040 ## - CATALOGING SOURCE
Transcribing agency 0
Modifying agency BD-DhUET
Original cataloging agency DLC
082 00 - DEWEY DECIMAL CLASSIFICATION NUMBER
Classification number 541.39
Item number SMI/1970
100 ## - MAIN ENTRY--PERSONAL NAME
Personal name Smith, J. M.
245 10 - TITLE STATEMENT
Title Chemical engineering kinetics
250 ## - EDITION STATEMENT
Edition statement 2nd ed.
260 ## - PUBLICATION, DISTRIBUTION, ETC. (IMPRINT)
Place of publication, distribution, etc. New York
Name of publisher, distributor, etc. McGraw-Hill
Date of publication, distribution, etc. 1970
300 ## - PHYSICAL DESCRIPTION
Extent xviii, 612p.
Other physical details ill.
490 0# - SERIES STATEMENT
Series statement McGraw-Hill chemical engineering series
650 #0 - SUBJECT ADDED ENTRY--TOPICAL TERM
Topical term or geographic name as entry element Kinetics : Physical chemistry
942 ## - ADDED ENTRY ELEMENTS (KOHA)
Koha item type General Book
Holdings
Date acquired Koha full call number Lost status Koha date last seen Damaged status Shelving location Not for loan Sublocation or collection (holding branch) Copy number Price effective from Koha item type Piece designation (barcode) Withdrawn status Source of classification or shelving scheme Location (home branch) Koha normalized classification for sorting
2014-12-04541.39/SMI/1970 2014-12-04 Circulation section Central Library, BUET12014-12-04General Book84576  Central Library, BUET541_390000000000000_SMI_1970
2014-12-12541.39/SMI/1970 2014-12-12 Circulation section Central Library, BUET22014-12-12General Book29865  Central Library, BUET541_390000000000000_SMI_1970
2014-12-12541.39/SMI/1970 2014-12-12 Circulation section Central Library, BUET32014-12-12General Book29867  Central Library, BUET541_390000000000000_SMI_1970
2014-12-12541.39/SMI/1970 2014-12-12 Circulation section Central Library, BUET42014-12-12General Book29863  Central Library, BUET541_390000000000000_SMI_1970
2015-03-11541.39/SMI/1970 2015-03-11 Circulation section Central Library, BUET52015-03-11General Book29871  Central Library, BUET541_390000000000000_SMI_1970
2015-03-14541.39/SMI/1970 2015-03-14 Circulation section Central Library, BUET62015-03-14General Book29868  Central Library, BUET541_390000000000000_SMI_1970
2015-03-14541.39/SMI/1970 2015-03-14 Circulation section Central Library, BUET72015-03-14General Book37045  Central Library, BUET541_390000000000000_SMI_1970
2015-04-23541.39/SMI/1970 2015-04-23 Circulation section Central Library, BUET82015-04-23General Book29869  Central Library, BUET541_390000000000000_SMI_1970
2015-04-23541.39/SMI/1970 2015-04-23 Circulation section Central Library, BUET92015-04-23General Book29859  Central Library, BUET541_390000000000000_SMI_1970
2015-04-26541.39/SMI/1970 2015-04-26 Circulation section Central Library, BUET102015-04-26General Book29870  Central Library, BUET541_390000000000000_SMI_1970
2015-04-26541.39/SMI/1970 2015-04-26 Circulation section Central Library, BUET112015-04-26General Book29861  Central Library, BUET541_390000000000000_SMI_1970
2015-04-27541.39/SMI/1970 2015-04-27 Circulation section Central Library, BUET122015-04-27General Book25967  Central Library, BUET541_390000000000000_SMI_1970
2015-04-27541.39/SMI/1970 2015-04-27 Circulation section Central Library, BUET132015-04-27General Book29860  Central Library, BUET541_390000000000000_SMI_1970
2015-06-08541.39/SMI/1970 2015-06-08 Reading section Central Library, BUET142015-06-08Reading Item29862  Central Library, BUET541_390000000000000_SMI_1970
2015-06-08541.39/SMI/1970 2015-06-08 Reading section Central Library, BUET152015-06-08Reading Item29866  Central Library, BUET541_390000000000000_SMI_1970
2015-06-08541.39/SMI/1970 2015-06-08 Reading section Central Library, BUET162015-06-08Reading Item29872  Central Library, BUET541_390000000000000_SMI_1970
2015-06-08541.39/SMI/1970 2015-06-08 Reading section Central Library, BUET172015-06-08Reading Item29864  Central Library, BUET541_390000000000000_SMI_1970